EVERY Fire Emblem Character - Statistics

General Stats
  • This quiz has been taken 2,060 times
    137 since last reset
  • The average score is 397 of 769
Answer Stats
First Game Answers % Correct
FE13 Lucina
96%
FE1 Marth
96%
FE1 Caeda
89%
FE9 Ike
88%
FE16 Linhardt
88%
FE2 Tobin
88%
FE2 Alm
86%
FE4 Claud
86%
FE6* Hector
86%
FE6 Roy
86%
FE1 | FE5 Cain
85%
FE1 Cord
85%
FE6 Fae
85%
FE2 Kamui
85%
FE14 Leo
85%
FE2 Leon
85%
FE7 Lyn
85%
FE1 Abel
83%
FE2 Celica
83%
FE13 Chrom
83%
FE14 Corrin
83%
FE6* Eliwood
83%
FEH Eir
82%
FE8 Ephraim
82%
FE4 Leif
82%
FE2 Tatiana
82%
FE16 Claude
81%
FE16 Dimitri
81%
FE16 Edelgard
81%
FE13 Robin
81%
FE4 Sigurd
81%
FE14 Xander
81%
FE13 | FE14 | FE16 | +3 others Anna
79%
FEH Ash
79%
FE8 Eirika
79%
FE5 Fred
79%
FEH Melíai
79%
FE17 Rafal
79%
FE4 Seliph
79%
FE16 Byleth
78%
FE14 Camilla
78%
FE14 Elise
78%
FE1 Maria
78%
FE10 Micaiah
78%
FE14 Odin
78%
FE13 Owain
78%
FE14 Selena
78%
FE13 Severa
78%
FE9 Soren
78%
FE1 Tiki
78%
FEH Alfonse
76%
FE6 Cath
76%
FEH Líf
76%
FE6 Lilina
76%
FE8 Seth
76%
FE17 Alear
75%
FE16 Ashe
75%
FE16 Bernadetta
75%
FE1 Est
75%
FE7 Florina
75%
FE16 Hilda
75%
FE13 Lissa
75%
FES Sai
75%
FE9 Titania
75%
FE14 Azura
74%
FE: AS Camus
74%
FE16 Hubert
74%
FE3 Sirius
74%
FE9 Sothe
74%
FE2 Zeke
74%
FE16 Annette
72%
FE16 Dedue
72%
FE16 Felix
72%
FE13 Frederick
72%
FE4 Julia
72%
FE17 Louis
72%
FE16 Mercedes
72%
FE1 Minerva
72%
FE7 Nino
72%
FE16 Raphael
72%
FE14 Sakura
72%
FE14 | FE4 Arthur
71%
FE6 Bartre
71%
FE1 Catria
71%
FE13 Cordelia
71%
FE7 Dart
71%
FE16 Dorothea
71%
FE1 Jagen
71%
FE1 | FE16 Lorenz
71%
FE2 Mae
71%
FE7 Ninian
71%
FE1 Palla
71%
FE7 Pent
71%
FE14 Ryoma
71%
FE13 Tharja
71%
FE1 Bord
69%
FE9 Boyd
69%
FE16 Caspar
69%
FE14 Hinoka
69%
FE13 Inigo
69%
FE7 Karla
69%
FE5 Lara
69%
FE14 Laslow
69%
FE7 Matthew
69%
FE16 Petra
69%
FEW: TH* Rhea
69%
FE6 Sin
69%
FE16 Sylvain
69%
FE4 Charlot
68%
FE7 Erk
68%
FE16 Ferdinand
68%
FE13 Gregor
68%
FE16 Ingrid
68%
FE13 Maribelle
68%
FE13 Nowi
68%
FE7 Rath
68%
FE14 Takumi
68%
FE16 Catherine
67%
FE14 Felicia
67%
FE16 Hapi
67%
FE7 Kent
67%
FE7 Lucius
67%
FE16 Lysithea
67%
FE: AS Malice
67%
FE6 Marcus
67%
FE16 Marianne
67%
FE13 Morgan
67%
FE13 Nah
67%
FE7 Nils
67%
FE9 Oscar
67%
FE2 Python
67%
FE16 Seteth
67%
FE13 Virion
67%
FE7 Wil
67%
FE16 Yuri
67%
FE8 Colm
65%
FE7 Dorcas
65%
FE7 Fiora
65%
FE16 Flayn
65%
FE2 Gray
65%
FE16 Ignatz
65%
FE17 Ivy
65%
FE14 Jakob
65%
FE8 L'Arachel
65%
FE7 Louise
65%
FE8 Lute
65%
FE2 Mathilda
65%
FE1 Navarre
65%
FE1 Ogma
65%
FE7 Raven
65%
FE7 Sain
65%
FE9 Shinon
65%
FE9 Tibarn
65%
FE13 Vaike
65%
FE16 Alois
64%
FE8 Amelia
64%
FE17 Céline
64%
FE14 Charlotte
64%
FE9 Elincia
64%
FE8 Garcia
64%
FE1 Gordin
64%
FE4 Hawk
64%
FE7 Jaffar
64%
FE16 Jeritza
64%
FE6 Karel
64%
FE12 Kris
64%
FE16 Leonie
64%
FE8* Lyon
64%
FE13 Miriel
64%
FE8 Myrrh
64%
FE9 Naesala
64%
FE14 Niles
64%
FE13 Olivia
64%
FE7 Rebecca
64%
FE8 Ross
64%
FE2 Saber
64%
FE7 Serra
64%
FE16 Shamir
64%
FE2 Silque
64%
FE13 Sumia
64%
FE17 Alfred
63%
FE16 Balthus
63%
FE2 Boey
63%
FE16 Cyril
63%
FE4 Deirdre
63%
FE7 Farina
63%
FE14 Flora
63%
FE13 Henry
63%
FE17 Hortensia
63%
FE8 Joshua
63%
FE9 Lethe
63%
FE16 Manuela
63%
FE8 Marisa
63%
FE9 Mist
63%
FE13 Panne
63%
FE4 Quan
63%
FE13 Stahl
63%
FE13 Sully
63%
FE8 Tana
63%
FE2 Valbar
63%
FE8 Artur
61%
FE14 Asugi
61%
FE1 Barst
61%
FE14 Benny
61%
FE10* Black Knight
61%
FE4 Brigid
61%
FE13 Cherche
61%
FE17 Chloé
61%
FE17 Clanne
61%
FE2 Clive
61%
FE16 Constance
61%
FE2 Delthea
61%
FE14 Effie
61%
FE13 Emmeryn
61%
FE5 Eyvel
61%
FE6 Fir
61%
FE8 Forde
61%
FE17 Framme
61%
FE8 Franz
61%
FE11 Frey
61%
FE13 Gaius
61%
FE8 Gilliam
61%
FE17 Goldmary
61%
FE8 Innes
61%
FE10 Leonardo
61%
FE13 Lon'qu
61%
FE2 Lukas
61%
FE9 Mia
61%
FE8 Moulder
61%
FE8 Natasha
61%
FE14 Oboro
61%
FE14 Ophelia
61%
FE7 Oswin
61%
FE7 Priscilla
61%
FE8* Selena
61%
FE2 Sonya
61%
FEH Thrasir
61%
FEH Veronica
61%
FE7 Wallace
61%
FE17 Alcryst
60%
FE10 Edward
60%
FE17 Etie
60%
FE4 Finn
60%
FE14 Hana
60%
FE7 Hawkeye
60%
FE14 Kaze
60%
FE13 Kellam
60%
FE7 Lowen
60%
FE2 Luthier
60%
FE1 Merric
60%
FE9 Mordecai
60%
FE8 Neimi
60%
FE9 Nephenee
60%
FE17 Panette
60%
FE8 Tethys
60%
FE17 Vander
60%
FE4 Arden
58%
FE14 Beruka
58%
FE2 Clair
58%
FE17 Diamant
58%
FE13 Donnel
58%
FE15 Faye
58%
FE9 Gatrie
58%
FE2 Genny
58%
FE14 Gunter
58%
FE16 Hanneman
58%
FE7 Heath
58%
FE14 Hinata
58%
FE17 Jean
58%
FEW: TH Jeralt
58%
FE9 Jill
58%
FE14 Kana
58%
FE2 Kliff
58%
FE8 Kyle
58%
FE7 Legault
58%
FE9 Lucia
58%
FE9 Marcia
58%
FE14 Peri
58%
FE13 Ricken
58%
FE9 Rolf
58%
FE14 Saizo
58%
FEH Sharena
58%
FE17 Timerra
58%
FE1 Wolf
58%
FE6 Wolt
58%
FE13 Aversa
57%
FE4 Ayra
57%
FE17 Boucheron
57%
FE5 Dean
57%
FE2 Deen
57%
FE8 Dozla
57%
FE8 Ewan
57%
FE17 Fogado
57%
FE14 Kagero
57%
FES Kurt
57%
FE10 Nailah
57%
FE4 Nanna
57%
FE17 Nel
57%
FE17 Rosado
57%
FE14 Subaki
57%
FE8 Vanessa
57%
FE17 Zelkov
57%
FE7 Athos
56%
FE14 Azama
56%
FE3 Cecil
56%
FE4 Ced
56%
FE17 Citrinne
56%
FE1 Draug
56%
FE4 Ethlyn
56%
FE8 Gerik
56%
FE16 Gilbert
56%
FE1 Hardin
56%
FE17 Jade
56%
FE17 Kagetsu
56%
FE6 Lugh
56%
FE14 Nina
56%
FE13 Noire
56%
FE6 Raigh
56%
FE9 Ranulf
56%
FE9 Rhys
56%
FE13 Say'ri
56%
FEW: TH Shez
56%
FE14 Silas
56%
FE6 Sue
56%
FE6 Bors
54%
FE7 Canas
54%
FE14 Forrest
54%
FE17 Gregory
54%
FE6 Gwendolyn
54%
FE8 Knoll
54%
FE10 Leanne
54%
FE1 Lena
54%
FE1 Linde
54%
FE17 Pandreo
54%
FE9 Reyson
54%
FE14 Shigure
54%
FE4 Silvia
54%
FE7 Vaida
54%
FE1 Wrys
54%
FE13 Cynthia
53%
FE8 Duessel
53%
FE1 Elice
53%
FEH Fjorm
53%
FE13 Flavia
53%
FE2 Forsyth
53%
FE9 Geoffrey
53%
FEH Hel
53%
FE7 Isadora
53%
FE17 Lapis
53%
FE13 Laurent
53%
FE4 Lex
53%
FE13 Libra
53%
FE6 Melady
53%
FE6 Merlinus
53%
FE14 Midori
53%
FE3 Nyna
53%
FE14 Nyx
53%
FE6 Rutger
53%
FE8 Saleh
53%
FE14 Setsuna
53%
FE6 Shanna
53%
FEW: TH* Sothis
53%
FE9 Volke
53%
FE2 Atlas
51%
FE1 Bantu
51%
FE6 Dieck
51%
FE6 Gonzalez
51%
FE7 Guy
51%
FE9 Ilyana
51%
FE1 Jeorge
51%
FE2 Jesse
51%
FE13 Kjelle
51%
FE4 Lachesis
51%
FE4 Lana
51%
FE4 Lene
51%
FE4 Lewyn
51%
FE4 Naoise
51%
FE8* Orson
51%
FE14 Percy
51%
FE8 Rennac
51%
FE5 Sara
51%
FE17 Seadall
51%
FE1 Sedgar
51%
FE14 Soleil
51%
FE8 Syrene
51%
FE9 Tanith
51%
FE6 Thea
51%
FE4 Tine
51%
FE17 Zelestia
51%
FE9 Zihark
51%
FE17 Amber
50%
FE4 Ares
50%
FE9 Astrid
50%
FE9 Brom
50%
FE10 Caineghis
50%
FE8 Cormag
50%
FE6 Echidna
50%
FE1 Julian
50%
FE6 Juno
50%
FE6 Lance
50%
FE17 Merrin
50%
FE14 Orochi
50%
FE6 Perceval
50%
FE10 Rafiel
50%
FE14 Rhajat
50%
FE10 Sigrun
50%
FE6 Sophia
50%
FE9 Tormod
50%
TMS Tsubasa
50%
FE17 Veyle
50%
FE17 Yunaka
50%
FE13 Basilio
49%
FE13 Brady
49%
FE17 Bunet
49%
FE14 Caeldori
49%
FE6 Cecilia
49%
FE6 Chad
49%
FE6 Clarine
49%
FE10 Danved
49%
FE9 Devdan
49%
FE4 Edain
49%
FE9 Ena
49%
FE9 Haar
49%
FE14 Keaton
49%
FE9 Kieran
49%
FE14 Kiragi
49%
FE10 Kurthnaga
49%
FE6 Larum
49%
FE10 Lehran
49%
FE17 Madeline
49%
FE17 Mauvier
49%
FE12 Michalis
49%
FEW: TH Monica
49%
FE14 Mozu
49%
FE4 Oifey
49%
FE14 Rinkah
49%
FE14 Selkie
49%
FE5 Shannam
49%
FE14 Shura
49%
FE4 Tailtiu
49%
FE8* Valter
49%
FE14 Velouria
49%
FE6 Zelot
49%
FE4 Alec
47%
FE6 Alen
47%
FE11 Athena
47%
FE4 Azelle
47%
FEH Bruno
47%
FE5 Dagdar
47%
FE4 Dew
47%
FE6 Dorothy
47%
FE5 Eda
47%
FE6 Elen
47%
FE14 Fuga
47%
FE13 Gangrel
47%
FE6 Geese
47%
FE13 Gerome
47%
FE7 Harken
47%
FE14 Hayato
47%
FE6 Hugh
47%
FE4 Midir
47%
FE2 Mycen
47%
FE6 Niime
47%
FE10 Nolan
47%
FE9* Oliver
47%
FE5 Osian
47%
FE7 Renault
47%
FE10 Sanaki
47%
FE17 Saphir
47%
FE4 Shannan
47%
FE13 Walhart
47%
FE13 Yarne
47%
FE4 Altena
46%
FE14 Dwyer
46%
FE6 Elffin
46%
FE4 Fee
46%
FE9 Giffca
46%
FE1 Gotoh
46%
FE14 Ignatius
46%
FE6 Igrene
46%
FE14 Kaden
46%
FE12 Katarina
46%
FE6 Klein
46%
FE4 Larcei
46%
FE10 Laura
46%
FE9 Makalov
46%
FE5 Mareeta
46%
FE14 Mitama
46%
FE11 Norne
46%
FE4 Patty
46%
FEH Peony
46%
FE13 Priam
46%
FE1 Roshea
46%
FE5 Safy
46%
FE14 Scarlet
46%
FE14 Shiro
46%
FE14 Siegbert
46%
FE14 Sophie
46%
FE9 Stefan
46%
FE11 | FEH Ymir
46%
FE6* Zephiel
46%
FE1 Astram
44%
FE6 Barthe
44%
FE9 Bastian
44%
FE4 Beowolf
44%
FE15 Conrad
44%
FEH Eitr
44%
FE4 Erinys
44%
FEH Freyja
44%
FE6* Guinivere
44%
FE14 Hisame
44%
FE1 Jake
44%
FE4 Jamke
44%
FE9 Janaff
44%
FE6 Lot
44%
FE3 Luke
44%
FE10 Meg
44%
FE11 Nagi
44%
FE9 Nasir
44%
FE6 Noah
44%
FE2 Nomah
44%
FE5 Olwen
44%
FE5 Perne
44%
FE5 Salem
44%
FE4 Scáthach
44%
FEH Surtr
44%
FE5 Tina
44%
FE1 Tomas
44%
FE10 Vika
44%
FE1 Vyland
44%
FE6 Zeiss
44%
FE1 Castor
43%
FE10 Fiona
43%
FE14 Izana
43%
FE5 Lifis
43%
FE17 Lindon
43%
FE10 Lyre
43%
FE5 Miranda
43%
FE6 Ogier
43%
FE14 Reina
43%
FE10 Skrimir
43%
FE5 Tanya
43%
FE9 Tauroneo
43%
FE9 Ulki
43%
FE10 Volug
43%
FE1 Wendell
43%
FE14 Yukimura
43%
FEW: TH* Arval
42%
FE5 Asbel
42%
FE9* Ashnard
42%
FE6 Astolfo
42%
FE4 Chulainn
42%
FE4 Daisy
42%
FE1 Darros
42%
FE6 Douglas
42%
FEH Embla
42%
FE7 Geitz
42%
FE10 Kyza
42%
FE14* Lloyd
42%
FEH Loki
42%
FE1 Matthis
42%
FE6* Narcian
42%
FEH Reginn
42%
FE6 Saul
42%
FE6 Trec
42%
FE6 Wade
42%
FEH Askr
40%
FE9 Calill
40%
FE4 Coirpre
40%
FE4 Febail
40%
FE4 Hannibal
40%
FEW: TH Holst
40%
FE3 Jubelo
40%
FE5 Linoan
40%
FE9 Muarim
40%
FE10 Pelleas
40%
FE3 Sheena
40%
FE13 Yen'fay
40%
FE3 Yuliya
40%
FE1 Arran
39%
FEH Baldr
39%
FE1 Boah
39%
FE6 Dayan
39%
FE5 Fergus
39%
FE8* Glen
39%
FE5 Homer
39%
FEH Hríd
39%
FE9 Largo
39%
FE1 Midia
39%
FEH Plumeria
39%
FE5 Saias
39%
FE1 Samson
39%
FEH Thórr
39%
FE12* Clarisse
38%
FE4 Diarmuid
38%
FE11 Etzel
38%
FE8* Fado
38%
FE15* Fernand
38%
FEH Freyr
38%
FE5 Galzus
38%
FE6 Garret
38%
FEH Gullveig
38%
FEH Kvasir
38%
FE4 Lester
38%
FE1 Macellan
38%
FE5 Marty
38%
FE10 Nealuchi
38%
FE1 Radd
38%
FE10 Renning
38%
FE3 Roderick
38%
FEH Seiðr
38%
FEH Ylgr
38%
FE10 Aran
36%
FE1 Beck
36%
FE1 Caesar
36%
FE1 Dolph
36%
FEW: TH Gatekeeper
36%
FE5 Halvan
36%
FE10 Heather
36%
FEH Helbindi
36%
TMS Itsuki
36%
FE4 Iuchar
36%
FE5 Karin
36%
FE12* Legion
36%
FEH Ótr
36%
FE9* Petrine
36%
FE1 Rickard
36%
FE1 Roger
36%
FE5 Ronan
36%
FE15 Shade
36%
FEH Triandra
36%
FE1 Xane
36%
FE5 Xavier
36%
FE6 Yoder
36%
FE3 Arlen
35%
FE5 Carrion
35%
FE: AS Dice
35%
FE15 Emma
35%
FEH Gunnthrá
35%
FEH Laegjarn
35%
FEH Laevatein
35%
FE5 Machyua
35%
FE3 Marisha
35%
FE3 Phina
35%
FE15 Randal
35%
FEH Ratatoskr
35%
FE5 Robert
35%
FE: AS Roberto
35%
FEW: TH Rodrigue
35%
FEW Rowan
35%
FE3 Ryan
35%
FE5 Selfina
35%
FE15 Yuzu
35%
FE5 Alva
33%
FE5 Amalda
33%
FE4 Amid
33%
FE14* Candace
33%
FE12* Eremiya
33%
FEH Gustav
33%
FE4 Iucharba
33%
FE4 Laylea
33%
FE4 Linda
33%
FEH Mirabilis
33%
FE5 Misha
33%
FE4 Muirne
33%
FE8* Riev
33%
FEH Rune
33%
FE5 Shiva
33%
FE16* Aelfric
32%
FE5 Brighton
32%
FE8* Caellach
32%
FE5 Dalsin
32%
FEH Elm
32%
FE: AS Frost
32%
FE8* Hayden
32%
FE8* Ismaire
32%
FEW Lianna
32%
FEH Nifl
32%
FE5 Ralf
32%
FE5 Sleuf
32%
FE5 Troude
32%
FEH Váli
32%
FE3 Warren
32%
FE: AS Belf
31%
FE6* Brunnya
31%
FEH Dagr
31%
FEH Fáfnir
31%
FE5 Glade
31%
FE11 Horace
31%
FE5 Ilios
31%
FEH Múspell
31%
FE3 Samuel
31%
FE4 Asaello
29%
FE5 Conomor
29%
FE4 Creidne
29%
FE4 Deimne
29%
FE6* Galle
29%
FE10 Gareth
29%
FEH Henriette
29%
FE4 Hermina
29%
FE5 Hicks
29%
FE4 Jeanne
29%
FE6* Murdock
29%
FE: AS Reiden
29%
FEH Eitri
28%
FE12* Gharnef
28%
FEH Heiðr
28%
FEH Höðr
28%
FEH Nótt
28%
FE4 Tristan
28%
FEH Alfaðör
26%
TMS Eleonora
26%
FE14* Haitaka
26%
TMS Mamori
26%
TMS Touma
26%
FE4 Dalvin
25%
FEH Níðhöggr
25%
TMS(E) Barry
24%
FE9* Bryce
24%
FE14* Daniela
24%
TMS Kiria
24%
FE14* Llewelyn
24%
FES Rose
24%
FEH Ginnungagap
22%
FEH Heimdallr
22%
FEH Letizia
22%
TMS(E) Maiko
22%
FE14* Nichol
22%
FE9* Shiharam
22%
FEH Vanitas
22%
FEH Ganglöt
21%
FE14* Gazak
21%
FEH Hræsvelgr
21%
FE14* Kumagera
19%
FEH Eikþyrnir
18%
FE14* Funke
18%
FES Alberta
17%
FE14* Daichi
17%
FEH Heiðrún
17%
FEH Nerþuz
17%
FEH Niðavellir
17%
TMS Yashiro
17%
FES Carina
15%
FEH Kiran
15%
FEH Læraðr
15%
FE14* Senno
13%
FEH Þjazi
11%
FE14* Zhara
11%
FES Estel
10%
FES Hati
10%
FES Skoll
10%
FES Tamamo
10%
FE14* Tarba
10%
FES Zasha
10%
FES Gotthold
8%
FES Bartolomeus
7%
FES Erma
7%
FES Joachim
7%
FES Shea
7%
FES Micaela
6%
No matching quizzes found
Score Distribution
Percent of People with Each Score
Percentile by Number Answered
Your Score History
You have not taken this quiz since the last reset